000 00546nam a22001697a 4500
003 OSt
005 20171010095450.0
008 120626t xxu||||| |||| 00| 0 eng d
040 _aMMSU
_cULS
100 _aCabel, Jinky G.
_910715
245 _aOn the Job Training (OJT) in Horticulture
_cJinky G. Cabel
260 _c2008
300 _axiii, [69] leaves
_c28 cm.
500 _aThesis (BS Agriculture-Horticulture) -- Mariano Marcos State University-College of Agriculture, Batac City
504 _aBibliography: None
942 _2ddc
_cTHEDIS
999 _c9598
_d9598